Music Quiz

Random Music or Song Quiz

'80s Songs by Two Lyrics Quiz Stats

 Plays Quiz Updated Apr 12, 2016

Support Sporcle.
Go Orange.
Score 0/20 Timer 06:00
1 Play Today
% Correct
Another Brick in the Wall Part II (Pink Floyd)
78.4%
Eye of the Tiger (Survivor)
78%
I Love Rock 'n' Roll (Joan Jett & the Blackhearts)
74.5%
Africa (Toto)
73.1%
Billie Jean (Michael Jackson)
63.9%
Money For Nothing (Dire Straits)
61.5%
Every Breath You Take (The Police)
56.1%
Maneater (Hall & Oates)
55.8%
You Give Love a Bad Name (Bon Jovi)
53.5%
Footloose (Kenny Loggins)
52.1%
% Correct
We Built This City (Starship)
43.3%
Like a Virgin (Madonna)
41.9%
Flashdance...What a Feeling (Irene Cara)
39.7%
Sweet Child O' Mine (Guns N' Roses)
39.2%
(I've Had) The Time of My Life (Bill Medley and Jennifer Warnes)
36.4%
Invisible Touch (Genesis)
33.1%
When Doves Cry (Prince)
32.7%
Never Gonna Give You Up (Rick Astley)
26.7%
Take on Me (a-ha)
20%
A View to a Kill (Duran Duran)
9.7%

From the Vault

Dark Side of the Moon Album Lyrics

by jyrops

Music 15m
Pink Floyd makes us think deep thoughts.
Remove Ads.
Support Sporcle.
Get the best of Sporcle when you Go Orange. This ad-free experience offers more features, more stats, and more fun while also helping to support Sporcle. Thank you for becoming a member.

Show Comments

Extras

Top Quizzes Today


Score Distribution

Your Account Isn't Verified!

In order to create a playlist on Sporcle, you need to verify the email address you used during registration. Go to your Sporcle Settings to finish the process.

Report this User

Report this user for behavior that violates our Community Guidelines.

Details: